000 00367nam a2200157Ia 4500
008 240830s1901 xx 000 0 und d
041 _aeng
082 _a0 TAL
100 _aTALIB V.H.
245 _aHANDBOOK OF MEDICAL LABORATORY TECHNOLOGY
260 _bN.D.
_c1901
300 _a100p
650 _aVIKRUTI-VIGAYAN
906 _aN.D.
999 _c1192037
_d1192037